| 000 | 00997 a2200277 4500 | ||
|---|---|---|---|
| 999 |
_c200129218 _d31845 |
||
| 001 | 200129218 | ||
| 003 | TR-AnTOB | ||
| 005 | 20231201141346.0 | ||
| 008 | 231201b ||||| |||| 00| 0 tur d | ||
| 020 | _a9789758970056 | ||
| 040 |
_aTR-AnTOB _beng _cTR-AnTOB _erda |
||
| 041 |
_atur _aeng |
||
| 050 | _aHT384.B482010 | ||
| 090 | _aHT384 .B48 2010 | ||
| 245 | 0 |
_aBeş bakış : İstanbul'da kentleşme üzerine beş proaktif senaryo _bFive visions : five proactive scenarios on urbanisation in Instanbul _cRichard Burdett , Şevin Yıldız. |
|
| 264 | 1 |
_aİstanbul : _bArkitera Mimarlık Merkez, , _c2010. |
|
| 300 |
_a180 sayfa. ; _bcol. ill. ; _c22 cm. |
||
| 650 | 0 |
_aKentleşme _zTürkiye _zİstanbul _988869 |
|
| 650 | 0 |
_aUrbanization _zTurkey _zIstanbul _988870 |
|
| 650 | 0 |
_aKentsel dönüşüm _zTürkiye _zİstanbul _988867 |
|
| 700 | 1 |
_aErdinç, Eylem _988864 |
|
| 700 | 1 |
_aEsen, Yadigar _988865 |
|
| 700 | 1 |
_aKarabaş, Burcu _988866 |
|
| 942 |
_cBK _2lcc |
||